书目信息 |
| 题名: |
挑花
|
|
| 作者: | 曾凡恕 著 | |
| 分册: | ||
| 出版信息: | 天津 天津科学技术出版社 1982.3 |
|
| 页数: | 90页 | |
| 开本: | 19cm | |
| 丛书名: | ||
| 单 册: | ||
| 中图分类: | TS935.3 | |
| 科图分类: | ||
| 主题词: | 抽纱 | |
| 电子资源: | ||
| ISBN: | ||
| 000 | 00472nam0 2200181 45 | |
| 001 | 0181011428 | |
| 005 | 20060413152848.84 | |
| 010 | @dCNY0.70 | |
| 100 | @a20810111d km y0chiy0120 ea | |
| 101 | 0 | @achi |
| 200 | 1 | @a挑花@Atiao hua@f曾凡恕著@Fzeng fan shu |
| 210 | @a天津@c天津科学技术出版社@d1982.3 | |
| 215 | @a90页@d19cm | |
| 606 | 0 | @a抽纱 |
| 690 | @aTS935.3@v4 | |
| 701 | 0 | @a曾凡恕@Aceng fan shu@4著 |
| 801 | @aCN@bTSTC@c20060413 | |
| 905 | @dTS935.3@e13@f2@b80085-86 | |
| 挑花/曾凡恕著.-天津:天津科学技术出版社,1982.3 |
| 90页;19cm |
| ISBN :CNY0.70 |
| ● |
| 相关链接 |
|
|
|
|
正题名:挑花
索取号:TS935.3/13
 
预约/预借
| 序号 | 登录号 | 条形码 | 馆藏地/架位号 | 状态 | 备注 |
| 1 | 0080085 | 202257654 | 密集书库/ [索取号:TS935.3/13] | 在馆 | |
| 2 | 0080086 | 202239130 | 密集书库/ [索取号:TS935.3/13] | 在馆 |